Ako sa máme počas tehotnosti obliekať? /

Hlavní autor: Kliment, Vojtech, 1918-2005
Jazyk: Slovenština
Vydáno: Bratislava : Ústav zdravotnej výchovy, 1968
Témata:
Fyzický popis: 1 sv.
Knihy
Uloženo v:
LEADER 00899nam a22002772a 4500
001 001606065
003 CZ BrMZK
005 20190825164837.0
007 ta
008 171127s1968 xo er|||||||||||slo d
040 |a BOA001  |b cze  |e aacr2 
072 7 |a 618  |x Gynekologie. Porodnictví  |2 Konspekt  |9 14 
080 |a 618.2/.3  |2 MRF 
080 |a 646.4/.5  |2 MRF 
080 |a (041)  |2 MRF 
100 1 |a Kliment, Vojtech,  |d 1918-2005  |7 nlk20000089393  |4 aut 
245 1 0 |a Ako sa máme počas tehotnosti obliekať? /  |c Vojtech Kliment 
260 |a Bratislava :  |b Ústav zdravotnej výchovy,  |c 1968 
300 |a 1 sv. 
650 0 7 |a těhotenství  |7 ph126830  |2 czenas 
650 0 7 |a odívání  |7 ph115567  |2 czenas 
655 7 |a brožury  |7 fd131925  |2 czenas 
910 |a BOA001  |b X-0619.721 
990 |a BK 
991 |b 201711 
996 7 |b 2618919028  |c X-0619.721  |l MZK  |r Sklad / do 24 hodin  |n 0  |w 001641513  |u 000010  |a 1  |e BOA001  |j MZK50  |s A